| 000 | 00458nam a2200133 a 4500 | ||
|---|---|---|---|
| 008 | 120416s1976 xx |||||||||||||| || u | ||
| 050 | _aTH 145 Han | ||
| 100 | _aHandisyde, Cecil C | ||
| 245 | 1 | 0 | _aEveryday details |
| 260 |
_a _bThe Architectural Press _c1976 |
||
| 300 | _avii, 109p. : ill. | ||
| 350 | _a0.00 | ||
| 995 |
_D0.00 _FCBU-MAIN LIBRARY (Kitwe) _H1 _I0.00 _M1 _UDAMAGED _ZMain Library Open Access Collection |
||
| 999 |
_c42761 _d42761 |
||